00582nam a22001937a 4500003001100000005001700011008004100028040003900069041000800108082001300116100003300129245002100162260003400183650003300217700002900250942000700279952008700286999001500373LK-CoMWRAF20230908181916.0230908b1994 |||||||| |||| 00| 0 eng d aLK-CoMWRAFdLK-CoMWRAFeLK-CoMWRAF aeng a823bMAR aMárquez, Gabriel García  aStrange pilgrims aIndia :bPenguin books,c1994 aEnglish Fiction-Translations aGrossman, Edith etrans. cBK 00104070aMAINbMAINd2023-09-08l0o823 MARpRAF960r2023-09-08w2023-09-08yBK c3490d3490